[Event "NZL-ch op 131st"]
[Site "Palmerston North"]
[Date "2024.01.02"]
[Round "1"]
[White "Forster, William"]
[Black "Ker, Anthony F"]
[Result "0-1"]
[WhiteElo "1790"]
[BlackElo "2249"]
[PlyCount "88"]
[EventDate "2024.01.02"]
[EventType "swiss"]
[EventRounds "9"]
[EventCountry "NZL"]
[SourceTitle "CB03_2024"]
[SourceDate "2024.01.17"]
[SourceVersion "1"]
[SourceVersionDate "2024.01.17"]
[SourceQuality "1"]

1. e4 c5 2. Nf3 g6 3. d4 cxd4 4. Nxd4 Nc6 5. c4 Nf6 6. Nc3 d6 7. Be2 Nxd4 8. Qxd4 Bg7 9. Be3 0-0 10. Qd2 Be6 11. Rc1 Qa5 12. 0-0 Rfc8 13. b3 a6 14. f3 b5 15. Nd5 Qxd2 16. Bxd2 Nxd5 17. cxd5 Bd4+ 18. Kh1 Bd7 19. b4 Bb2 20. Rxc8+ Rxc8 21. Bd3 Bc3 22. Bxc3 Rxc3 23. Rd1 f5 24. Kg1 f4 25. Kf2 Kg7 26. Ke2 Kf6 27. Kd2 Ra3 28. Bb1 e6 29. Kc2 Ke5 30. Kb2 Re3 31. dxe6 Re2+ 32. Kc3 Bxe6 33. Rd2 Rxd2 34. Kxd2 Kd4 35. a3 Bg8 36. Bc2 g5 37. g4 fxg3 38. hxg3 h5 39. Bd3 Bc4 40. Bxc4 bxc4 41. a4 h4 42. gxh4 gxh4 43. b5 axb5 44. a5 Kc5 0-1

[Event "Bob Wade mem Challengers 1"]
[Site "Howick"]
[Date "2023.01.19"]
[Round "8"]
[White "Forster, William"]
[Black "Lane, Ryan"]
[Result "0-1"]
[WhiteElo "1799"]
[BlackElo "1825"]
[PlyCount "96"]
[EventDate "2023.01.14"]
[EventType "tourn"]
[EventRounds "9"]
[EventCountry "NZL"]
[SourceTitle "EXT 2024"]
[Source "ChessBase"]
[SourceDate "2023.10.10"]
[SourceVersion "1"]
[SourceVersionDate "2023.10.10"]
[SourceQuality "1"]

1. e4 e5 2. Nf3 Nc6 3. Bb5 a6 4. Ba4 Nf6 5. 0-0 b5 6. Bb3 Bc5 7. c3 d6 8. d4 Bb6 9. Re1 Bg4 10. d5 Ne7 11. Be3 Qd7 12. Bc2 Ng6 13. Bxb6 cxb6 14. Bd3 Nf4 15. Bf1 0-0 16. Nbd2 h6 17. a4 bxa4 18. Qxa4 Bxf3 19. Qxd7 Nxd7 20. Nxf3 a5 21. g3 Nh5 22. Bb5 Nhf6 23. Nd2 Rfd8 24. f3 Ne8 25. Nc4 Rab8 26. Kf2 Kf8 27. Ke3 Nc5 28. b4 axb4 29. Bxe8 Kxe8 30. cxb4 Nb3 31. Ra3 Nd4 32. Rc1 Ke7 33. Ra6 Rdc8 34. Ra7+ Kf8 35. Rxf7+ Kg8 36. b5 Rxc4 37. Rxg7+ Kxg7 38. Rxc4 Nxb5 39. Rc6 Rb7 40. f4 h5 41. h3 Na3 42. fxe5 dxe5 43. d6 Kf7 44. Kd3 Ke6 45. d7+ Kxd7 46. Rh6 b5 47. Rxh5 Kd6 48. g4 b4 0-1

[Event "North Island-ch"]
[Site "Wellington"]
[Date "2021.04.03"]
[Round "3"]
[White "Chen, Wei Kai"]
[Black "Forster, William"]
[Result "1-0"]
[WhiteElo "1727"]
[BlackElo "1854"]
[PlyCount "59"]
[EventDate "2021.04.02"]
[EventType "swiss"]
[EventRounds "8"]
[EventCountry "NZL"]
[SourceTitle "EXT 2024"]
[Source "ChessBase"]
[SourceDate "2023.10.10"]
[SourceVersion "1"]
[SourceVersionDate "2023.10.10"]
[SourceQuality "1"]

1. e4 c5 2. Nc3 a6 3. f4 b5 4. Nf3 Bb7 5. d3 e6 6. Be2 d5 7. exd5 exd5 8. d4 Nf6 9. 0-0 Ne4 10. Qe1 Bd6 11. Nxe4 dxe4 12. c3 0-0 13. Ne5 cxd4 14. cxd4 Nd7 15. Qg3 Nf6 16. f5 Re8 17. Bh6 Bf8 18. Rad1 Qb6 19. Bg5 Rad8 20. Ng4 Nxg4 21. Bxd8 Rxd8 22. Bxg4 Rxd4 23. Kh1 Rb4 24. f6 Rxb2 25. fxg7 Bxg7 26. Qb8+ Bf8 27. Rd8 Rf2 28. Rxf8+ Kg7 29. Be2 e3 30. Rg8+ 1-0

[Event "NZL-ch op 127th"]
[Site "Tauranga"]
[Date "2020.01.18"]
[Round "5"]
[White "Sole, Michael D"]
[Black "Forster, William"]
[Result "1/2-1/2"]
[WhiteElo "1808"]
[BlackElo "1864"]
[PlyCount "115"]
[EventDate "2020.01.14"]
[EventType "swiss"]
[EventRounds "9"]
[EventCountry "NZL"]
[SourceTitle "CBM 194 Extra"]
[Source "ChessBase"]
[SourceDate "2020.03.31"]
[SourceVersion "1"]
[SourceVersionDate "2020.03.31"]
[SourceQuality "1"]

1. e4 e5 2. Nf3 Nc6 3. Bb5 a6 4. Ba4 Nf6 5. 0-0 Be7 6. Re1 b5 7. Bb3 0-0 8. a4 Bb7 9. d3 d6 10. Nc3 b4 11. Ne2 Re8 12. Ng3 Qd7 13. a5 Nd8 14. Bd2 c5 15. Bg5 Ne6 16. Nf5 h6 17. Bxf6 Bxf6 18. Ne3 Bc6 19. Bd5 Bxd5 20. Nxd5 Bd8 21. Qd2 Rb8 22. c3 bxc3 23. bxc3 Qb5 24. Qc2 Qb2 25. Qa4 Qb5 26. Nd2 Qxa4 27. Rxa4 Nf4 28. Nxf4 exf4 29. Kf1 Bf6 30. d4 Red8 31. Rd1 Rb2 32. Nc4 Rc2 33. dxc5 dxc5 34. Rxd8+ Bxd8 35. Ra3 f3 36. gxf3 Bh4 37. Kg2 Bxf2 38. Kh3 Be1 39. Rb3 Rxc3 40. Rxc3 Bxc3 41. Kg4 Kf8 42. Kf4 Ke8 43. e5 Kd7 44. Ke4 Kc6 45. Kd3 Bb4 46. f4 g6 47. Ke4 Kb5 48. Kd5 Bxa5 49. Nd6+ Kb4 50. Nxf7 c4 51. e6 c3 52. e7 c2 53. e8Q c1Q 54. Qe4+ Kb3 55. Qd3+ Qc3 56. Qxa6 Qf3+ 57. Ke6 Qg4+ 58. Ke7 1/2-1/2

[Event "NZL-ch op 127th"]
[Site "Tauranga"]
[Date "2020.01.14"]
[Round "1"]
[White "Forster, William"]
[Black "Johansen, Darryl Keith"]
[Result "0-1"]
[WhiteElo "1864"]
[BlackElo "2371"]
[PlyCount "82"]
[EventDate "2020.01.14"]
[EventType "swiss"]
[EventRounds "9"]
[EventCountry "NZL"]
[SourceTitle "CBM 194 Extra"]
[Source "ChessBase"]
[SourceDate "2020.03.31"]
[SourceVersion "1"]
[SourceVersionDate "2020.03.31"]
[SourceQuality "1"]

1. d4 Nf6 2. c4 e6 3. Nc3 Bb4 4. e3 b6 5. Nge2 Bb7 6. a3 Bd6 7. Ng3 h5 8. d5 h4 9. Nge4 Be7 10. Be2 Nxe4 11. Nxe4 d6 12. Bf3 exd5 13. Nc3 c6 14. cxd5 c5 15. 0-0 Nd7 16. Be2 a6 17. a4 0-0 18. e4 Bf6 19. Be3 Re8 20. Qd2 Bxc3 21. Qxc3 Rxe4 22. Bd3 Rb4 23. Rad1 Qf6 24. Bc2 Rxb2 25. Bd4 Rxc2 26. Bxf6 Rxc3 27. Bxc3 b5 28. Rfe1 Kf8 29. Re4 g5 30. a5 b4 31. Bb2 Rc8 32. Rg4 c4 33. Rxg5 c3 34. Rh5 Rc4 35. Bc1 b3 36. Bh6+ Kg8 37. Re1 Nf6 38. Rg5+ Kh7 39. Bg7 c2 40. Bxf6 c1Q 41. Rh5+ Kg6 0-1

[Event "Titled Tuesday intern op 5th March"]
[Site "Chess.com INT"]
[Date "2019.03.05"]
[Round "7"]
[White "Forster, William"]
[Black "Sanchez Alvarez, Kelvin Antonio"]
[Result "0-1"]
[WhiteElo "1856"]
[BlackElo "2212"]
[PlyCount "58"]
[EventDate "2019.03.05"]
[EventType "swiss (blitz)"]
[EventRounds "10"]
[EventCountry "USA"]
[SourceTitle "EXT 2021"]
[Source "ChessBase"]
[SourceDate "2020.10.23"]
[SourceVersion "1"]
[SourceVersionDate "2020.10.23"]
[SourceQuality "1"]

1. d4 Nf6 2. c4 c5 3. d5 b5 4. a4 b4 5. g3 g6 6. b3 Bg7 7. Ra2 0-0 8. Bg2 d6 9. e4 a5 10. f4 Ra7 11. Nh3 Bxh3 12. Bxh3 Nxe4 13. Re2 Nc3 14. Nxc3 bxc3 15. 0-0 Na6 16. f5 Rb7 17. fxg6 fxg6 18. Be6+ Kh8 19. Kg2 Nc7 20. Bg5 Nxe6 21. Rxe6 Rxf1 22. Kxf1 Qf8+ 23. Kg2 h6 24. Bc1 Qf5 25. Qe2 Rxb3 26. Rxe7 Rb2 27. Bxb2 cxb2 28. Rxg7 b1Q 29. Qe8+ Kxg7 0-1

[Event "Titled Tuesday intern op 5th March"]
[Site "Chess.com INT"]
[Date "2019.03.05"]
[Round "3"]
[White "Oparin, Grigoriy"]
[Black "Forster, William"]
[Result "1-0"]
[WhiteElo "2613"]
[BlackElo "1856"]
[PlyCount "87"]
[EventDate "2019.03.05"]
[EventType "swiss (blitz)"]
[EventRounds "10"]
[EventCountry "USA"]
[SourceTitle "EXT 2021"]
[Source "ChessBase"]
[SourceDate "2020.10.23"]
[SourceVersion "1"]
[SourceVersionDate "2020.10.23"]
[SourceQuality "1"]

1. Nf3 d5 2. g3 c6 3. Bg2 Nf6 4. 0-0 Bg4 5. c4 e6 6. cxd5 exd5 7. d3 Bd6 8. Nc3 0-0 9. e4 Bxf3 10. Bxf3 Re8 11. Bg2 dxe4 12. dxe4 Na6 13. Re1 Bc5 14. Qe2 Qd7 15. h3 Rad8 16. Bg5 Be7 17. Rad1 Qc7 18. Bf4 Qa5 19. a3 Nb8 20. Bd2 Qa6 21. Qf3 Nbd7 22. Bf1 Qb6 23. Na4 Qc7 24. Bf4 Qc8 25. Nc3 Nf8 26. e5 Nd5 27. Nxd5 cxd5 28. Rxd5 Rxd5 29. Qxd5 Rd8 30. Qe4 Ne6 31. Be3 Bc5 32. Bg2 Bxe3 33. Qxe3 b6 34. Rc1 Qd7 35. h4 g6 36. Bh3 Qd2 37. Qxd2 Rxd2 38. Bxe6 fxe6 39. Rc8+ Kg7 40. Rc7+ Kh6 41. b4 Rd3 42. Rxa7 Rd5 43. Ra6 Rxe5 44. Rxb6 1-0

[Event "Titled Tuesday intern op 2nd Febr"]
[Site "Chess.com INT"]
[Date "2019.02.05"]
[Round "7"]
[White "Forster, William"]
[Black "Atanasov, Anthony"]
[Result "0-1"]
[WhiteElo "1856"]
[BlackElo "1938"]
[PlyCount "94"]
[EventDate "2019.02.05"]
[EventType "swiss (blitz)"]
[EventRounds "10"]
[EventCountry "USA"]
[SourceTitle "EXT 2021"]
[Source "ChessBase"]
[SourceDate "2020.10.23"]
[SourceVersion "1"]
[SourceVersionDate "2020.10.23"]
[SourceQuality "1"]

1. d4 Nf6 2. c4 d6 3. Nc3 g6 4. e4 Bg7 5. Bd3 0-0 6. Nge2 e5 7. d5 Nbd7 8. b3 Nc5 9. Bc2 a5 10. 0-0 Ne8 11. Be3 b6 12. Rc1 f5 13. exf5 Bxf5 14. f4 e4 15. Nd4 Qd7 16. Nce2 Nd3 17. Bxd3 exd3 18. Ng3 Qe7 19. Ndxf5 gxf5 20. Qxd3 Qf7 21. Rce1 h5 22. Bd4 Kh8 23. Bxg7+ Qxg7 24. Nxh5 Qg6 25. Qh3 Rf7 26. Re6 Qh7 27. Rfe1 Ng7 28. Nxg7 Qxh3 29. gxh3 Rxg7+ 30. Kf2 Rgg8 31. Re7 Rg6 32. R1e6 Rg7 33. Rxg7 Kxg7 34. Re7+ Kf6 35. Rxc7 a4 36. b4 Re8 37. Rc6 Re4 38. Kf3 Ke7 39. Rc7+ Kf6 40. Rc6 Ke7 41. h4 Rd4 42. h5 Rd3+ 43. Ke2 Rh3 44. Rxb6 Rxh2+ 45. Kd3 Rxh5 46. Ra6 a3 47. Ke3 Rh2 0-1

[Event "Titled Tuesday intern op 2nd Febr"]
[Site "Chess.com INT"]
[Date "2019.02.05"]
[Round "9"]
[White "Forster, William"]
[Black "Potapova, Margarita"]
[Result "0-1"]
[WhiteElo "1856"]
[BlackElo "2279"]
[PlyCount "27"]
[EventDate "2019.02.05"]
[EventType "swiss (blitz)"]
[EventRounds "10"]
[EventCountry "USA"]
[SourceTitle "EXT 2021"]
[Source "ChessBase"]
[SourceDate "2020.10.23"]
[SourceVersion "1"]
[SourceVersionDate "2020.10.23"]
[SourceQuality "1"]

1. d4 Nf6 2. c4 g6 3. Nc3 d5 4. cxd5 Nxd5 5. Bd2 Bg7 6. e4 Nxc3 7. Bxc3 0-0 8. Nf3 b6 9. Bd3 Bb7 10. h4 h5 11. Qb3 Nc6 12. e5 a5 13. Bxg6 a4 14. Qe6 0-1

[Event "Titled Tuesday intern op 1st Jan"]
[Site "Chess.com INT"]
[Date "2019.01.01"]
[Round "7"]
[White "Forster, William"]
[Black "Gordon, David"]
[Result "0-1"]
[WhiteElo "1856"]
[BlackElo "2189"]
[PlyCount "34"]
[EventDate "2019.01.01"]
[EventType "swiss (blitz)"]
[EventRounds "10"]
[EventCountry "USA"]
[SourceTitle "EXT 2021"]
[Source "ChessBase"]
[SourceDate "2020.10.23"]
[SourceVersion "1"]
[SourceVersionDate "2020.10.23"]
[SourceQuality "1"]

1. d4 Nf6 2. c4 c5 3. d5 e6 4. Nc3 exd5 5. cxd5 d6 6. e4 g6 7. Bd3 Bg7 8. h3 0-0 9. Nf3 b5 10. Nxb5 Nxe4 11. Bxe4 Re8 12. Nc3 Bxc3+ 13. bxc3 Rxe4+ 14. Be3 Ba6 15. Nd2 Rxe3+ 16. fxe3 Qh4+ 17. g3 Qxg3# 0-1

[Event "Titled Tuesday intern op 1st Jan"]
[Site "Chess.com INT"]
[Date "2019.01.01"]
[Round "5"]
[White "Longen, Joseph"]
[Black "Forster, William"]
[Result "1-0"]
[WhiteElo "2064"]
[BlackElo "1856"]
[PlyCount "57"]
[EventDate "2019.01.01"]
[EventType "swiss (blitz)"]
[EventRounds "10"]
[EventCountry "USA"]
[SourceTitle "EXT 2021"]
[Source "ChessBase"]
[SourceDate "2020.10.23"]
[SourceVersion "1"]
[SourceVersionDate "2020.10.23"]
[SourceQuality "1"]

1. e4 c5 2. Nf3 a6 3. d4 cxd4 4. c3 dxc3 5. Nxc3 Nc6 6. Bc4 e6 7. 0-0 d6 8. Qe2 Be7 9. Rd1 Nf6 10. e5 Nd5 11. exd6 Nxc3 12. bxc3 Bf6 13. Bf4 0-0 14. Ne5 Nxe5 15. Bxe5 Bd7 16. Rd4 Rc8 17. Rc1 Bc6 18. Bd3 Bxe5 19. Qxe5 Qf6 20. Qe3 Rfd8 21. c4 e5 22. Qh3 g6 23. Rh4 Bd7 24. Qe3 Qxd6 25. Bf1 f5 26. Qh6 Qe7 27. c5 Qg7 28. Bc4+ Kh8 29. Qg5 1-0

[Event "Titled Tuesday intern op 4th Dec"]
[Site "Chess.com INT"]
[Date "2018.12.04"]
[Round "1"]
[White "Golubev, Mikhail"]
[Black "Forster, William"]
[Result "1-0"]
[WhiteElo "2479"]
[BlackElo "1849"]
[PlyCount "75"]
[EventDate "2018.12.04"]
[EventType "swiss (blitz)"]
[EventRounds "10"]
[EventCountry "USA"]
[SourceTitle "EXT 2021"]
[Source "ChessBase"]
[SourceDate "2020.10.23"]
[SourceVersion "1"]
[SourceVersionDate "2020.10.23"]
[SourceQuality "1"]

1. e4 c5 2. Nf3 a6 3. Nc3 b5 4. d4 cxd4 5. Nxd4 Bb7 6. Bd3 e6 7. 0-0 Nc6 8. Be3 Nge7 9. Nb3 Ng6 10. f4 Be7 11. a4 b4 12. Ne2 0-0 13. Qd2 Qc7 14. a5 Rfd8 15. Bb6 Qb8 16. Bxd8 Qxd8 17. Kh1 Rc8 18. Nbd4 d5 19. Nxc6 Rxc6 20. Nd4 Rc8 21. e5 Bc5 22. Be2 Rc7 23. c3 bxc3 24. bxc3 Qa8 25. Qe3 Qa7 26. f5 exf5 27. Rxf5 Nf8 28. Raf1 Bc8 29. R5f4 Be6 30. Bd3 Rb7 31. Qg3 Rb2 32. h4 Qe7 33. h5 h6 34. Qf3 Bxd4 35. cxd4 Qg5 36. Bxa6 Rd2 37. Bd3 Bf5 38. Bxf5 1-0

[Event "Titled Tuesday intern op 6th Nov"]
[Site "Chess.com INT"]
[Date "2018.11.06"]
[Round "6"]
[White "Forster, William"]
[Black "Benaddi, Mouhcine"]
[Result "0-1"]
[WhiteElo "1849"]
[BlackElo "2111"]
[PlyCount "172"]
[EventDate "2018.11.06"]
[EventType "swiss (blitz)"]
[EventRounds "10"]
[EventCountry "USA"]
[SourceTitle "EXT 2021"]
[Source "ChessBase"]
[SourceDate "2020.10.23"]
[SourceVersion "1"]
[SourceVersionDate "2020.10.23"]
[SourceQuality "1"]

1. d4 Nf6 2. c4 g6 3. Nc3 Bg7 4. e4 0-0 5. Nf3 c5 6. d5 e6 7. Bd3 exd5 8. cxd5 Re8 9. 0-0 d6 10. h3 c4 11. Bc2 b5 12. Nxb5 Nxe4 13. Rb1 Ba6 14. Nbd4 c3 15. Bxe4 Rxe4 16. Re1 Rxe1+ 17. Qxe1 Bd3 18. Ra1 cxb2 19. Bxb2 Qb6 20. Bc3 Nd7 21. Qd2 Be4 22. Nb3 Bxc3 23. Qxc3 Bxd5 24. Rd1 Bxb3 25. axb3 Rb8 26. Nd4 Ne5 27. Re1 Qc5 28. Qxc5 dxc5 29. Rxe5 cxd4 30. Rd5 Rb4 31. Kf1 Kg7 32. Ke2 Kf6 33. Kd3 Rxb3+ 34. Kxd4 Rb2 35. Ke3 Ra2 36. Rd7 h5 37. Rb7 Ke6 38. g3 f5 39. h4 Kd6 40. Rg7 Ke5 41. Rxg6 Ra3+ 42. Ke2 Ra2+ 43. Ke3 a5 44. Ra6 Ra3+ 45. Ke2 f4 46. gxf4+ Kxf4 47. Rf6+ Kg4 48. Rb6 Kxh4 49. Rb5 Kg4 50. Rc5 Ra2+ 51. Ke3 h4 52. Rc4+ Kh3 53. Kf3 Ra3+ 54. Kf4 Kg2 55. Rc2 Ra4+ 56. Kg5 h3 57. f4+ Kg1 58. Rc1+ Kg2 59. Rc2+ Kg3 60. Rc3+ Kg2 61. Rc2+ Kf1 62. Rc1+ Ke2 63. Rc2+ Kd3 64. Rh2 Ke4 65. Rxh3 Ra1 66. Rb3 Rg1+ 67. Kf6 Kxf4 68. Ke6 Rg5 69. Kd6 Ke4 70. Kc6 Kd4 71. Ra3 Kc4 72. Kb6 Kb4 73. Ra1 a4 74. Ka6 a3 75. Rb1+ Kc3 76. Rf1 Kb2 77. Rf2+ Kb3 78. Rf3+ Kb4 79. Rf4+ Kc5 80. Rf2 Rg4 81. Ka5 Rc4 82. Ra2 Rc3 83. Ka6 Kb4 84. Kb6 Kb3 85. Rh2 a2 86. Rh1 Kb2 0-1

[Event "Titled Tuesday intern op 6th Nov"]
[Site "Chess.com INT"]
[Date "2018.11.06"]
[Round "4"]
[White "Forster, William"]
[Black "Pasti, Aron"]
[Result "0-1"]
[WhiteElo "1849"]
[BlackElo "1979"]
[PlyCount "56"]
[EventDate "2018.11.06"]
[EventType "swiss (blitz)"]
[EventRounds "10"]
[EventCountry "USA"]
[SourceTitle "EXT 2021"]
[Source "ChessBase"]
[SourceDate "2020.10.23"]
[SourceVersion "1"]
[SourceVersionDate "2020.10.23"]
[SourceQuality "1"]

1. d4 d5 2. c4 e6 3. Nc3 Nf6 4. cxd5 exd5 5. Bg5 Be7 6. e3 h6 7. Bh4 0-0 8. Bd3 c6 9. Qc2 Re8 10. Nf3 Ne4 11. Bxe7 Qxe7 12. 0-0 Bf5 13. Rab1 Nd7 14. b4 Ndf6 15. b5 Rab8 16. bxc6 bxc6 17. Ne5 Qa3 18. Nxe4 dxe4 19. Bc4 Be6 20. Nxc6 Rbc8 21. Ne5 Bxc4 22. Nxc4 Qa6 23. Rfc1 Rc7 24. Qb3 Rec8 25. Qb4 Rxc4 26. Rxc4 Qxc4 27. Qxc4 Rxc4 28. Rb8+ Kh7 0-1

[Event "Titled Tuesday intern op 2nd Oct"]
[Site "Chess.com INT"]
[Date "2018.10.02"]
[Round "1"]
[White "Matviishen, Viktor"]
[Black "Forster, William"]
[Result "1-0"]
[WhiteElo "2476"]
[BlackElo "1849"]
[PlyCount "49"]
[EventDate "2018.10.02"]
[EventType "swiss (blitz)"]
[EventRounds "10"]
[EventCountry "USA"]
[SourceTitle "EXT 2021"]
[Source "ChessBase"]
[SourceDate "2020.10.23"]
[SourceVersion "1"]
[SourceVersionDate "2020.10.23"]
[SourceQuality "1"]

1. d4 d5 2. c4 c6 3. Nf3 Nf6 4. e3 e6 5. Nc3 Nbd7 6. Qc2 Be7 7. b3 b6 8. Bb2 Bb7 9. Bd3 0-0 10. 0-0 Rc8 11. e4 dxc4 12. bxc4 g6 13. Rad1 c5 14. d5 exd5 15. exd5 Bd6 16. Rfe1 a6 17. Qd2 Qc7 18. Qh6 Rfe8 19. Ne4 Bf8 20. Qh4 Nxe4 21. Bxe4 Bg7 22. Bxg7 Kxg7 23. d6 Qd8 24. Qxd8 Rcxd8 25. Bxb7 1-0

[Event "George Trundle Qualifiers"]
[Site "Auckland"]
[Date "2018.07.10"]
[Round "4"]
[White "Forster, William"]
[Black "Nyberg, Michael"]
[Result "1-0"]
[WhiteElo "1835"]
[BlackElo "1917"]
[PlyCount "77"]
[EventDate "2018.07.07"]
[EventType "tourn"]
[EventRounds "9"]
[EventCountry "NZL"]
[SourceTitle "EXT 2019"]
[Source "ChessBase"]
[SourceDate "2018.10.10"]
[SourceVersion "1"]
[SourceVersionDate "2018.10.10"]
[SourceQuality "1"]

1. d4 d5 2. c4 c6 3. Nf3 Nf6 4. Nc3 e6 5. Bg5 h6 6. Bh4 dxc4 7. e4 g5 8. Bg3 b5 9. Be2 Bb7 10. Qc2 Nbd7 11. 0-0 Nh5 12. Be5 Nxe5 13. Nxe5 Nf4 14. Rfd1 Qc7 15. Bf1 Bg7 16. Ng4 h5 17. Ne3 h4 18. e5 0-0-0 19. a4 a6 20. Ne4 Kb8 21. b3 cxb3 22. Qxb3 Nd5 23. axb5 Nxe3 24. fxe3 cxb5 25. Rdc1 Qb6 26. Nc5 Rd5 27. Be2 Rhd8 28. Nxb7 Kxb7 29. Bf3 g4 30. Bxg4 Kb8 31. Bf3 Rxd4 32. exd4 Rxd4 33. Kh1 Bxe5 34. Rc6 Qd8 35. Rcxa6 Qg5 36. Qxb5+ Kc8 37. Qb7+ Kd8 38. Ra8+ Bb8 39. Rxb8# 1-0

[Event "George Trundle Qualifiers"]
[Site "Auckland"]
[Date "2018.07.07"]
[Round "1"]
[White "Picken, Oliver"]
[Black "Forster, William"]
[Result "1-0"]
[WhiteElo "1813"]
[BlackElo "1835"]
[PlyCount "67"]
[EventDate "2018.07.07"]
[EventType "tourn"]
[EventRounds "9"]
[EventCountry "NZL"]
[SourceTitle "EXT 2019"]
[Source "ChessBase"]
[SourceDate "2018.10.10"]
[SourceVersion "1"]
[SourceVersionDate "2018.10.10"]
[SourceQuality "1"]

1. e4 c5 2. a3 g6 3. h4 h5 4. b4 Bg7 5. Nc3 d6 6. Bc4 Nc6 7. Rb1 Nf6 8. Bb2 0-0 9. d3 cxb4 10. axb4 Bg4 11. f3 Bd7 12. Nd5 Nxd5 13. Bxg7 Ne3 14. Qd2 Nxg2+ 15. Qxg2 Kxg7 16. Ne2 Qb6 17. Rg1 Ne5 18. Kd2 Rac8 19. Bb3 Rc7 20. c3 e6 21. d4 Nc4+ 22. Bxc4 Rxc4 23. Nf4 Be8 24. Qg5 Rh8 25. Qe7 Kh6 26. Qf6 Rg8 27. Nxh5 Kh7 28. Nf4 Qc7 29. Rbc1 e5 30. Rg5 exf4 31. h5 Qd7 32. hxg6+ Rxg6 33. Rh5+ Kg8 34. Rh8# 1-0